[Event "EUR-ch U14 w"]
[Site "Batumi GEO"]
[Date "2014.10.21"]
[Round "3"]
[White "Koridze, Lile"]
[Black "Stanciu, Andreea Briana"]
[Result "1-0"]
[WhiteElo "1750"]
[BlackElo "1993"]
[PlyCount "75"]
[EventDate "2014.10.19"]
[EventType "swiss"]
[EventRounds "9"]
[EventCountry "CAN"]
[Source "Chessbase"]
[SourceDate "2015.02.06"]

1. d4 d5 2. c4 e6 3. Nc3 Nf6 4. Nf3 c5 5. dxc5 Bxc5 6. cxd5 exd5 7. e3 O-O 8.
Be2 Nc6 9. O-O h6 10. Nb5 Re8 11. Nbd4 Qe7 12. b3 Ne4 13. Bb2 Bd7 14. Nxc6 Bxc6
15. Bd4 Bd6 16. Qc1 Rac8 17. Qd1 a6 18. Bb2 Qc7 19. Rc1 Qa5 20. a4 Bd7 21. Qd4
f6 22. h3 Be6 23. Ba1 Kf7 24. Qa7 Rb8 25. Qd4 Bc5 26. Qb2 b5 27. Nd4 Bxd4 28.
Qxd4 b4 29. Bh5+ Kf8 30. Bxe8 Rxe8 31. f3 Nd6 32. Qc5 Qxc5 33. Rxc5 Nf5 34. Kf2
Bf7 35. Bd4 Ra8 36. Rfc1 Be6 37. Rc7 Kg8 38. Ra7 1-0

[Event "EUR-ch U14 w"]
[Site "Batumi GEO"]
[Date "2014.10.21"]
[Round "3"]
[White "Krasnokutskaya, Sofiya"]
[Black "Janiashvili, Mariami"]
[Result "1-0"]
[WhiteElo "1851"]
[BlackElo "1679"]
[PlyCount "59"]
[EventDate "2014.10.19"]
[EventType "swiss"]
[EventRounds "9"]
[EventCountry "CAN"]
[Source "Chessbase"]
[SourceDate "2015.02.06"]

1. e4 c5 2. Nf3 e6 3. d4 cxd4 4. Nxd4 a6 5. Nc3 Qc7 6. Bd3 Nf6 7. O-O Bc5 8.
Nb3 Be7 9. f4 d6 10. Be3 Nc6 11. Kh1 Bd7 12. a4 h6 13. a5 Rc8 14. Be2 Bd8 15.
Bf3 Qb8 16. Qd2 Bc7 17. Rfd1 Ke7 18. e5 dxe5 19. Bc5+ Ke8 20. Ne4 Rd8 21. Nd6+
Bxd6 22. Bxd6 Qc8 23. fxe5 Nh7 24. Nc5 Ng5 25. Qf4 Nxf3 26. Qxf3 Ne7 27. Bxe7
Kxe7 28. Nxb7 f6 29. Qa3+ Kf7 30. Nd6+ 1-0

[Event "EUR-ch U14 w"]
[Site "Batumi GEO"]
[Date "2014.10.21"]
[Round "3"]
[White "Louka, Magdalini"]
[Black "Erseki, Tamara"]
[Result "0-1"]
[WhiteElo "1689"]
[BlackElo "1863"]
[PlyCount "62"]
[EventDate "2014.10.19"]
[EventType "swiss"]
[EventRounds "9"]
[EventCountry "CAN"]
[Source "Chessbase"]
[SourceDate "2015.02.06"]

1. e4 c5 2. Nf3 d6 3. Bb5+ Bd7 4. Bxd7+ Qxd7 5. c4 Nc6 6. Nc3 Nf6 7. O-O e6 8.
d4 cxd4 9. Nxd4 Be7 10. b3 O-O 11. Bb2 Rfd8 12. Re1 Rac8 13. Re3 Qc7 14. Rg3
Qa5 15. Nxc6 bxc6 16. Na4 e5 17. Qe2 Qc7 18. Rf1 Rd7 19. f4 Rcd8 20. Bc1 d5 21.
exd5 e4 22. dxc6 Qxc6 23. Nc3 Qc5+ 24. Kh1 Rd3 25. Re1 Rxg3 26. hxg3 Nd5 27. f5
Nxc3 28. Qc2 Rd3 29. Bd2 Rxg3 30. Kh2 Qd6 31. Kh1 Qf6 0-1

[Event "EUR-ch U14 w"]
[Site "Batumi GEO"]
[Date "2014.10.21"]
[Round "3"]
[White "Maksimovic, Masa"]
[Black "Busuioc, Alexandra"]
[Result "1/2-1/2"]
[WhiteElo "1679"]
[BlackElo "1833"]
[PlyCount "145"]
[EventDate "2014.10.19"]
[EventType "swiss"]
[EventRounds "9"]
[EventCountry "CAN"]
[Source "Chessbase"]
[SourceDate "2015.02.06"]

1. e4 d6 2. d4 Nf6 3. Nc3 Nbd7 4. Nf3 e5 5. Bc4 Be7 6. O-O O-O 7. h3 c6 8. a4
a5 9. Be3 Qc7 10. Nd2 exd4 11. Bxd4 b6 12. f4 Bb7 13. Qf3 Rad8 14. g4 d5 15.
exd5 cxd5 16. Bd3 Nc5 17. Be5 Qc8 18. Bf5 Ncd7 19. Bd4 Bc5 20. Nb5 Ba6 21. Nb3
Bxd4+ 22. N3xd4 Qc5 23. c3 Nb8 24. Rf2 Rfe8 25. Kh2 Ne4 26. Re2 Bb7 27. Rae1
Re7 28. Bxe4 dxe4 29. Qe3 g6 30. f5 Rde8 31. Kg1 Nd7 32. Rf1 Kg7 33. g5 Re5 34.
f6+ Kg8 35. h4 Bd5 36. Ref2 Be6 37. Re1 Bg4 38. Rg2 Bh5 39. Rf2 Nf8 40. Rf4 Bf3
41. Kf2 Nd7 42. Nxf3 Qxe3+ 43. Rxe3 exf3 44. Rxe5 Nxe5 45. Re4 Nd3+ 46. Kxf3
Rxe4 47. Kxe4 Nxb2 48. Nc7 Nxa4 49. Kd4 Nc5 50. Nd5 Ne6+ 51. Kc4 h6 52. gxh6
Kh7 53. Nxb6 Kxh6 54. Kb5 Kh5 55. Kxa5 Kxh4 56. Nd7 Kg5 57. Kb4 Kf5 58. c4 g5
59. Kc3 Ke4 60. Kd2 Nc7 61. Ke2 Kf5 62. c5 Nb5 63. Kf2 Na7 64. Nb8 Kxf6 65. Kg3
Kg6 66. c6 f5 67. c7 Kf7 68. Nd7 Nc8 69. Ne5+ Kf6 70. Nd7+ Ke6 71. Nf8+ Kd6 72.
Nh7 g4 73. Nf6 1/2-1/2

[Event "EUR-ch U14 w"]
[Site "Batumi GEO"]
[Date "2014.10.21"]
[Round "3"]
[White "Mican, Karmela"]
[Black "Vrtiakova, Anna"]
[Result "0-1"]
[WhiteElo "1726"]
[BlackElo "1966"]
[PlyCount "120"]
[EventDate "2014.10.19"]
[EventType "swiss"]
[EventRounds "9"]
[EventCountry "CAN"]
[Source "Chessbase"]
[SourceDate "2015.02.06"]

1. e4 c5 2. Nf3 d6 3. Bb5+ Nd7 4. c4 a6 5. Ba4 Ngf6 6. Nc3 g6 7. d4 cxd4 8.
Nxd4 Bg7 9. h3 O-O 10. Bc2 Ne5 11. b3 Nc6 12. Be3 Bd7 13. Rc1 Nxd4 14. Bxd4 Bc6
15. O-O Rc8 16. a4 e6 17. Re1 Qc7 18. e5 dxe5 19. Bxe5 Qd7 20. Qe2 Rfd8 21.
Red1 Qe7 22. Rd4 Rxd4 23. Bxd4 Nh5 24. Bxg7 Qg5 25. Qf1 Kxg7 26. Ne4 Qf4 27.
Re1 Rd8 28. g4 Nf6 29. Qe2 Nxe4 30. Bxe4 Bxe4 31. Qxe4 Qd2 32. Rf1 Qc3 33. Kg2
Qxb3 34. Rb1 Qxa4 35. Rxb7 Qa1 36. Rb1 Qd4 37. Qe2 Rc8 38. Rc1 a5 39. Qe1 a4
40. Qc3 Qxc3 41. Rxc3 Ra8 42. Ra3 Kf6 43. Kf3 Ke5 44. Ke3 Kd6 45. Kd4 e5+ 46.
Ke4 Kc5 47. Kxe5 Kxc4 48. Kf6 Ra7 49. f4 Kb4 50. Ra1 a3 51. f5 Kb3 52. Kg7 gxf5
53. gxf5 h5 54. f6 a2 55. Rg1 a1=Q 56. Rxa1 Rxa1 57. Kxf7 Rh1 58. Kg7 Rxh3 59.
Kg6 Rf3 60. Kg5 h4 0-1

[Event "EUR-ch U14 w"]
[Site "Batumi GEO"]
[Date "2014.10.21"]
[Round "3"]
[White "Milovanova, Maria"]
[Black "Brezalieva, Steliyana"]
[Result "1-0"]
[WhiteElo "1965"]
[BlackElo "1480"]
[PlyCount "40"]
[EventDate "2014.10.19"]
[EventType "swiss"]
[EventRounds "9"]
[EventCountry "CAN"]
[Source "Chessbase"]
[SourceDate "2015.02.06"]

1. d4 Nf6 2. c4 g6 3. Nc3 Bg7 4. Nf3 O-O 5. g3 d6 6. Bg2 Nbd7 7. O-O c5 8. d5
a6 9. a4 Re8 10. e4 a5 11. h3 Nb6 12. Nd2 Nfd7 13. Qc2 Nf8 14. b3 e6 15. Bb2
exd5 16. exd5 Nbd7 17. Nce4 Nf6 18. g4 Nxe4 19. Nxe4 Qc7 20. Rae1 Kh8 1-0

[Event "EUR-ch U14 w"]
[Site "Batumi GEO"]
[Date "2014.10.21"]
[Round "3"]
[White "Mocanu, Valeria"]
[Black "Vuller, Victoria"]
[Result "1-0"]
[WhiteElo "1596"]
[BlackElo "1271"]
[PlyCount "43"]
[EventDate "2014.10.19"]
[EventType "swiss"]
[EventRounds "9"]
[EventCountry "CAN"]
[Source "Chessbase"]
[SourceDate "2015.02.06"]

1. e4 e5 2. Nf3 Nc6 3. Bc4 Nf6 4. d3 Be7 5. O-O d6 6. a4 Be6 7. Nbd2 O-O 8. c3
h6 9. Re1 Qd7 10. a5 Rad8 11. Qe2 Bg4 12. h3 Bh5 13. Bb3 Kh8 14. Nf1 Nh7 15. g4
Bg6 16. Ng3 Nf6 17. Nf5 h5 18. Nh2 Kh7 19. Qf3 Rh8 20. a6 b6 21. Ba4 Kg8 22.
Bxc6 1-0

[Event "EUR-ch U14 w"]
[Site "Batumi GEO"]
[Date "2014.10.21"]
[Round "3"]
[White "Nadzamova, Sofia"]
[Black "Skaslien, Maria"]
[Result "1-0"]
[WhiteElo "1734"]
[BlackElo "1460"]
[PlyCount "23"]
[EventDate "2014.10.19"]
[EventType "swiss"]
[EventRounds "9"]
[EventCountry "CAN"]
[Source "Chessbase"]
[SourceDate "2015.02.06"]

1. e4 e5 2. Nf3 Nc6 3. Bb5 d6 4. c3 a6 5. Ba4 f5 6. d4 fxe4 7. Ng5 Bd7 8. Bb3
d5 9. Bxd5 Nf6 10. Bf7+ Ke7 11. b3 h6 12. Ba3+ 1-0

[Event "EUR-ch U14 w"]
[Site "Batumi GEO"]
[Date "2014.10.21"]
[Round "3"]
[White "Olde, Margareth"]
[Black "Afonasieva, Anna"]
[Result "1/2-1/2"]
[WhiteElo "1773"]
[BlackElo "1956"]
[PlyCount "104"]
[EventDate "2014.10.19"]
[EventType "swiss"]
[EventRounds "9"]
[EventCountry "CAN"]
[Source "Chessbase"]
[SourceDate "2015.02.06"]

1. c4 c6 2. e4 d5 3. cxd5 cxd5 4. exd5 Nf6 5. Nc3 Nxd5 6. d4 Nc6 7. Nf3 Bg4 8.
Be2 e6 9. O-O Be7 10. h3 Bh5 11. Be3 O-O 12. Rc1 Rc8 13. Ne1 Bg6 14. Bd3 Bg5
15. Bxg5 Qxg5 16. Nf3 Qh5 17. Bxg6 hxg6 18. Ne4 Nf4 19. Rc5 Qh6 20. Nd6 Rc7 21.
Nxb7 Rxb7 22. Rxc6 Rxb2 23. Rc2 Rxc2 24. Qxc2 Qh5 25. Qe4 Nd5 26. Rc1 Qf5 27.
Qxf5 gxf5 28. Rb1 Rc8 29. Rb7 Rc7 30. Rb3 Kf8 31. g3 Ke7 32. Kg2 Kf6 33. Ne5
Nc3 34. Rb2 Ne4 35. a4 Nd6 36. a5 Ke7 37. Rb4 f6 38. Nd3 Rc4 39. Rb8 Ra4 40.
Nc5 Rxa5 41. Kf3 e5 42. Rg8 Ne8 43. Ne6 Kf7 44. Rf8+ Kxe6 45. Rxe8+ Kf7 46. Rd8
Ra3+ 47. Kg2 a5 48. dxe5 fxe5 49. Ra8 a4 50. Ra7+ Kg6 51. Ra6+ Kh7 52. Ra5 e4
1/2-1/2

[Event "EUR-ch U14 w"]
[Site "Batumi GEO"]
[Date "2014.10.21"]
[Round "3"]
[White "Prakapuk, Vera"]
[Black "Obolentseva, Alexandra"]
[Result "1-0"]
[WhiteElo "1817"]
[BlackElo "2126"]
[PlyCount "51"]
[EventDate "2014.10.19"]
[EventType "swiss"]
[EventRounds "9"]
[EventCountry "CAN"]
[Source "Chessbase"]
[SourceDate "2015.02.06"]

1. e4 c5 2. Nf3 d6 3. d4 Nf6 4. Nc3 cxd4 5. Qxd4 Nc6 6. Bb5 Bd7 7. Bxc6 Bxc6 8.
Bg5 e6 9. O-O-O Be7 10. Rhe1 O-O 11. Qd2 Qa5 12. Kb1 Qa6 13. Nd4 Rab8 14. f3 b5
15. g4 Qb7 16. Nce2 Rfc8 17. Ng3 b4 18. Nh5 Ne8 19. Bxe7 Qxe7 20. f4 Ba8 21. f5
e5 22. f6 Nxf6 23. Qg5 Qf8 24. Nxf6+ Kh8 25. Nd7 h6 26. Qf5 1-0

[Event "EUR-ch U14 w"]
[Site "Batumi GEO"]
[Date "2014.10.21"]
[Round "3"]
[White "Samchenko, Serafima"]
[Black "Vukanic, Emilija"]
[Result "1-0"]
[WhiteElo "1637"]
[BlackElo "1358"]
[PlyCount "97"]
[EventDate "2014.10.19"]
[EventType "swiss"]
[EventRounds "9"]
[EventCountry "CAN"]
[Source "Chessbase"]
[SourceDate "2015.02.06"]

1. e4 c5 2. Nf3 Nc6 3. c3 Nf6 4. e5 Nd5 5. Bc4 Nb6 6. Bb3 e6 7. O-O d6 8. exd6
Bxd6 9. Bc2 O-O 10. d4 cxd4 11. Bxh7+ Kxh7 12. Ng5+ Kg6 13. Qd3+ Kf6 14. Nh7+
Ke7 15. Bg5+ f6 16. Nxf8 Kxf8 17. Bd2 dxc3 18. Qxc3 Qc7 19. Qh3 Bd7 20. Nc3 a6
21. Qh8+ Kf7 22. Qh5+ Kg8 23. Ne4 Rf8 24. Nxd6 Qxd6 25. Rad1 Qe5 26. Qxe5 Nxe5
27. Bf4 Nec4 28. b3 e5 29. bxc4 exf4 30. Rd6 Bc6 31. c5 Na4 32. Rc1 Re8 33. f3
Nb2 34. Rd2 Na4 35. Rd4 Kf7 36. Rxf4 Re5 37. Rfc4 Bb5 38. R4c2 Ke7 39. Kf2 Bd3
40. Rd2 Rxc5 41. Re1+ Kf7 42. Rxd3 Rc2+ 43. Re2 Rc7 44. Kg3 Nc3 45. Red2 Kg6
46. Rd7 Rxd7 47. Rxd7 b5 48. Ra7 Nxa2 49. Rxa6 1-0

[Event "EUR-ch U14 w"]
[Site "Batumi GEO"]
[Date "2014.10.21"]
[Round "3"]
[White "Sargsyan, Anna M"]
[Black "Jablonskaja, Anastasija"]
[Result "1-0"]
[WhiteElo "1705"]
[BlackElo "1356"]
[PlyCount "29"]
[EventDate "2014.10.19"]
[EventType "swiss"]
[EventRounds "9"]
[EventCountry "CAN"]
[Source "Chessbase"]
[SourceDate "2015.02.06"]

1. e4 e5 2. Nf3 Nf6 3. Nc3 Nc6 4. d4 exd4 5. Nxd4 Nxd4 6. Qxd4 d6 7. Bd3 g6 8.
Bg5 Bg7 9. e5 Qe7 10. Nd5 dxe5 11. Qh4 Qd6 12. Nxf6+ Bxf6 13. Bxf6 O-O 14. Be7
Qb6 15. Bxf8 1-0

[Event "EUR-ch U14 w"]
[Site "Batumi GEO"]
[Date "2014.10.21"]
[Round "3"]
[White "Sieber, Fiona"]
[Black "Adamyan, Mane"]
[Result "1-0"]
[WhiteElo "1955"]
[BlackElo "1811"]
[PlyCount "65"]
[EventDate "2014.10.19"]
[EventType "swiss"]
[EventRounds "9"]
[EventCountry "CAN"]
[Source "Chessbase"]
[SourceDate "2015.02.06"]

1. e4 e6 2. d4 d5 3. Nc3 Bb4 4. e5 c5 5. a3 Bxc3+ 6. bxc3 Ne7 7. Qg4 O-O 8. Bd3
Nbc6 9. Nf3 f5 10. exf6 Rxf6 11. Bg5 e5 12. Qg3 Rxf3 13. gxf3 c4 14. Be2 Qa5
15. Bd2 Nf5 16. Qg5 exd4 17. cxd4 c3 18. Be3 Ncxd4 19. Bxd4 Nxd4 20. Rg1 g6 21.
Rc1 Bf5 22. Qe3 Qxa3 23. Kd1 Qb4 24. Bd3 Rf8 25. Bxf5 Rxf5 26. Rg4 Qb5 27. Rxd4
Rxf3 28. Qe6+ Kg7 29. Ke1 Qc5 30. Qxd5 Qxd5 31. Rxd5 Rf7 32. Rcd1 Re7+ 33. Kf1
1-0

[Event "EUR-ch U14 w"]
[Site "Batumi GEO"]
[Date "2014.10.21"]
[Round "3"]
[White "Tishova, Svetlana"]
[Black "Coman, Emilia Florentina"]
[Result "1-0"]
[WhiteElo "2035"]
[BlackElo "1636"]
[PlyCount "57"]
[EventDate "2014.10.19"]
[EventType "swiss"]
[EventRounds "9"]
[EventCountry "CAN"]
[Source "Chessbase"]
[SourceDate "2015.02.06"]

1. e4 e6 2. d4 d5 3. Nc3 Nf6 4. Bg5 Be7 5. e5 Nfd7 6. Bxe7 Qxe7 7. f4 a6 8. Nf3
c5 9. Qd2 Nc6 10. dxc5 Nxc5 11. Qe3 O-O 12. O-O-O b5 13. g4 b4 14. Ne2 b3 15.
cxb3 a5 16. Kb1 a4 17. Rc1 d4 18. Nexd4 Nxd4 19. Qxd4 Qb7 20. Rxc5 Qxf3 21. Rg1
Rb8 22. Rc3 Qb7 23. Bg2 Qa6 24. Qxa4 Qe2 25. Be4 Rd8 26. Qc4 Rd1+ 27. Rxd1
Qxd1+ 28. Rc1 Qd7 29. Qc7 1-0

[Event "EUR-ch U14 w"]
[Site "Batumi GEO"]
[Date "2014.10.22"]
[Round "4"]
[White "Adamyan, Mane"]
[Black "Samchenko, Serafima"]
[Result "1/2-1/2"]
[WhiteElo "1811"]
[BlackElo "1637"]
[PlyCount "71"]
[EventDate "2014.10.19"]
[EventType "swiss"]
[EventRounds "9"]
[EventCountry "CAN"]
[Source "Chessbase"]
[SourceDate "2015.02.06"]

1. d4 c5 2. d5 e5 3. e4 d6 4. Bb5+ Bd7 5. a4 Nf6 6. Nc3 g6 7. f4 exf4 8. Bxf4
Nh5 9. Be3 Bg7 10. Nf3 O-O 11. Bxd7 Nxd7 12. O-O Ne5 13. Nxe5 Bxe5 14. Rf3 Qb6
15. Bh6 Bg7 16. Bxg7 Nxg7 17. a5 Qd8 18. a6 b6 19. Qd3 f5 20. Raf1 Qe7 21. Qc4
fxe4 22. Rxf8+ Rxf8 23. Rxf8+ Kxf8 24. Qxe4 Qxe4 25. Nxe4 Nf5 26. Kf2 Ke7 27.
c3 Ng7 28. c4 Ne8 29. Nc3 Nc7 30. Ke3 h6 31. Ke4 Nxa6 32. Nb5 Kd7 33. Nxa7 Kc7
34. Kf4 b5 35. b3 bxc4 36. bxc4 1/2-1/2

[Event "EUR-ch U14 w"]
[Site "Batumi GEO"]
[Date "2014.10.22"]
[Round "4"]
[White "Afonasieva, Anna"]
[Black "Parol, Pola"]
[Result "1-0"]
[WhiteElo "1956"]
[BlackElo "1775"]
[PlyCount "135"]
[EventDate "2014.10.19"]
[EventType "swiss"]
[EventRounds "9"]
[EventCountry "CAN"]
[Source "Chessbase"]
[SourceDate "2015.02.06"]

1. d4 Nf6 2. Nf3 g6 3. g3 Bg7 4. Bg2 O-O 5. O-O d5 6. c4 dxc4 7. Na3 c3 8. bxc3
c5 9. Qb3 Nc6 10. Rd1 cxd4 11. cxd4 Na5 12. Qb2 Be6 13. Bf4 Nd5 14. Bd2 Nc6 15.
Qxb7 Nxd4 16. Nxd4 Bxd4 17. Rab1 Bc5 18. Bh6 Rb8 19. Qa6 Bxa3 20. Bxf8 Rxb1 21.
Rxb1 Nc3 22. Rf1 Nxe2+ 23. Qxe2 Kxf8 24. Rd1 Qc7 25. Bd5 Bxd5 26. Rxd5 Bc5 27.
Qd2 Bb6 28. a4 e6 29. Rb5 Qc4 30. Rb4 Qc5 31. Rh4 Kg8 32. Rf4 Qc7 33. Rf3 Qc6
34. Ra3 e5 35. a5 Bd4 36. a6 Qb6 37. Qc2 Kg7 38. Kg2 Qd6 39. Ra2 Qd5+ 40. Kg1
e4 41. Ra3 Bb6 42. Qb3 Qd4 43. Qc3 Kf6 44. Qxd4+ Bxd4 45. Kf1 Ke5 46. Rb3 h6
47. Rb7 Ke6 48. Rc7 h5 49. Ke2 f6 50. Rg7 Kf5 51. Rd7 Ke5 52. Re7+ Kf5 53. f3
exf3+ 54. Kxf3 g5 55. Rd7 Bb6 56. Rd5+ Kg6 57. h3 Bg1 58. Ke4 Kf7 59. Kf5 Ke7
60. Rd1 Bf2 61. g4 h4 62. Rb1 Bd4 63. Rb7+ Kf8 64. Ke6 Kg8 65. Rf7 Kh8 66. Rxf6
Kg7 67. Rf7+ Kg6 68. Rd7 1-0

[Event "EUR-ch U14 w"]
[Site "Batumi GEO"]
[Date "2014.10.22"]
[Round "4"]
[White "Aksoy, Ayca"]
[Black "Guluzada, Narmin Yalchin Q"]
[Result "1-0"]
[WhiteElo "1778"]
[BlackElo "1381"]
[PlyCount "47"]
[EventDate "2014.10.19"]
[EventType "swiss"]
[EventRounds "9"]
[EventCountry "CAN"]
[Source "Chessbase"]
[SourceDate "2015.02.06"]

1. Nf3 d5 2. d4 Nf6 3. c4 e6 4. Nc3 c6 5. e3 Bd6 6. Qc2 Nbd7 7. Be2 O-O 8. O-O
Re8 9. Rd1 Nf8 10. b3 Ng6 11. Bb2 Qe7 12. Rac1 e5 13. dxe5 Nxe5 14. cxd5 Nxf3+
15. Bxf3 Qe5 16. g3 Bg4 17. Ne4 Qh5 18. Nxf6+ gxf6 19. Bxg4 Qxg4 20. dxc6 Re6
21. cxb7 Rb8 22. Qc8+ Kg7 23. Rxd6 Re4 24. Qxb8 1-0

[Event "EUR-ch U14 w"]
[Site "Batumi GEO"]
[Date "2014.10.22"]
[Round "4"]
[White "Balajayeva, Khanim"]
[Black "Prakapuk, Vera"]
[Result "1-0"]
[WhiteElo "1856"]
[BlackElo "1817"]
[PlyCount "77"]
[EventDate "2014.10.19"]
[EventType "swiss"]
[EventRounds "9"]
[EventCountry "CAN"]
[Source "Chessbase"]
[SourceDate "2015.02.06"]

1. e4 c6 2. c4 d5 3. exd5 cxd5 4. cxd5 Nf6 5. Nc3 Nxd5 6. Nf3 Nc6 7. Bb5 e6 8.
O-O Nb6 9. d4 Be7 10. Be3 O-O 11. a3 Nd5 12. Qc2 Nxc3 13. bxc3 Bf6 14. Rfd1 Qa5
15. Bd3 g6 16. Nd2 Bd7 17. Ne4 Bg7 18. Nc5 Qc7 19. Rab1 b6 20. Nxd7 Qxd7 21.
Bb5 Qc7 22. c4 Ne7 23. Qe2 Rfd8 24. Rbc1 Nf5 25. d5 Qe7 26. a4 h6 27. Bf4 exd5
28. cxd5 Qxe2 29. Bxe2 g5 30. Bc7 Nd4 31. Bc4 Rd7 32. d6 Be5 33. Kf1 Kg7 34.
Bd5 Rf8 35. Rc4 Nf5 36. Bf3 Nxd6 37. Rc6 Rc8 38. Bxd6 Rxd6 39. Rxc8 1-0

[Event "EUR-ch U14 w"]
[Site "Batumi GEO"]
[Date "2014.10.22"]
[Round "4"]
[White "Busuioc, Alexandra"]
[Black "Karimzada, Narmin Niyazi"]
[Result "0-1"]
[WhiteElo "1833"]
[BlackElo "1679"]
[PlyCount "58"]
[EventDate "2014.10.19"]
[EventType "swiss"]
[EventRounds "9"]
[EventCountry "CAN"]
[Source "Chessbase"]
[SourceDate "2015.02.06"]

1. e4 c5 2. Nf3 Nc6 3. d4 cxd4 4. Nxd4 e5 5. Nb5 a6 6. Nd6+ Bxd6 7. Qxd6 Qf6 8.
Qc7 Nge7 9. Nc3 O-O 10. Qb6 d6 11. Qe3 Be6 12. Bd3 Rac8 13. O-O Ng6 14. Ne2 Nb4
15. Bd2 Nxc2 16. Bxc2 Rxc2 17. Bc3 Bc4 18. Rfe1 Bxe2 19. Rxe2 Rxe2 20. Qxe2 Nf4
21. Qd2 Qg6 22. f3 f5 23. Re1 fxe4 24. Rxe4 Nh3+ 25. Kh1 Qxe4 26. gxh3 Qxf3+
27. Qg2 Qd1+ 28. Qg1 Rf1 29. Qxf1 Qxf1# 0-1

[Event "EUR-ch U14 w"]
[Site "Batumi GEO"]
[Date "2014.10.22"]
[Round "4"]
[White "Coman, Emilia Florentina"]
[Black "Greibrokk, Ingrid"]
[Result "0-1"]
[WhiteElo "1636"]
[BlackElo "1797"]
[PlyCount "78"]
[EventDate "2014.10.19"]
[EventType "swiss"]
[EventRounds "9"]
[EventCountry "CAN"]
[Source "Chessbase"]
[SourceDate "2015.02.06"]

1. d4 Nf6 2. Nf3 e6 3. c4 Bb4+ 4. Nbd2 d5 5. a3 Be7 6. b4 dxc4 7. Nxc4 b6 8. g3
c5 9. Bg2 Bb7 10. Qa4+ Bc6 11. b5 Bb7 12. dxc5 Bxc5 13. Bb2 O-O 14. Qb3 Bd5 15.
O-O Qc7 16. Rac1 Nbd7 17. Nd4 Ne4 18. Qc2 Ndf6 19. Ne3 Bb7 20. Nb3 Rac8 21.
Nxc5 Qxc5 22. Qxc5 Rxc5 23. Rxc5 Nxc5 24. f3 Rd8 25. Rd1 Rxd1+ 26. Nxd1 Bd5 27.
Nc3 Bc4 28. f4 Nb3 29. e3 Ng4 30. e4 Nd4 31. Bf1 Bxf1 32. Kxf1 Nxh2+ 33. Ke1
Nhf3+ 34. Kf2 Nd2 35. Ke3 N4b3 36. Kd3 Nf1 37. Ne2 Nc5+ 38. Kd4 Nd2 39. Bc3 f6
0-1

[Event "EUR-ch U14 w"]
[Site "Batumi GEO"]
[Date "2014.10.22"]
[Round "4"]
[White "Erseki, Tamara"]
[Black "Gailiunaite, Saule"]
[Result "1-0"]
[WhiteElo "1863"]
[BlackElo "1653"]
[PlyCount "49"]
[EventDate "2014.10.19"]
[EventType "swiss"]
[EventRounds "9"]
[EventCountry "CAN"]
[Source "Chessbase"]
[SourceDate "2015.02.06"]

1. e4 c5 2. Nf3 Nc6 3. d4 cxd4 4. Nxd4 Nf6 5. Nc3 d6 6. Bg5 Bd7 7. Qd2 Rc8 8.
O-O-O Nxd4 9. Qxd4 Qa5 10. Bxf6 gxf6 11. Bc4 b5 12. Bb3 Qd8 13. Qxa7 Bh6+ 14.
Kb1 O-O 15. Qd4 Bg7 16. Rd3 Qa5 17. Nd5 Rfe8 18. Nf4 b4 19. Qd5 Qxd5 20. Nxd5
Rb8 21. Rd4 f5 22. Rxb4 Rxb4 23. Nxb4 fxe4 24. Re1 Bf5 25. Nd5 1-0

[Event "EUR-ch U14 w"]
[Site "Batumi GEO"]
[Date "2014.10.22"]
[Round "4"]
[White "Garcia Martin, Marta"]
[Black "Kochukova, Anna"]
[Result "0-1"]
[WhiteElo "2027"]
[BlackElo "1904"]
[PlyCount "74"]
[EventDate "2014.10.19"]
[EventType "swiss"]
[EventRounds "9"]
[EventCountry "CAN"]
[Source "Chessbase"]
[SourceDate "2015.02.06"]

1. e4 c5 2. c3 e6 3. d4 d5 4. exd5 exd5 5. Nf3 c4 6. b3 cxb3 7. axb3 Bd6 8. Bd3
Ne7 9. O-O O-O 10. c4 Nbc6 11. Nc3 Nb4 12. Bb1 Bf5 13. Bxf5 Nxf5 14. c5 Be7 15.
Ra4 Nc6 16. Bf4 a6 17. Qd3 g6 18. Raa1 Bf6 19. Be5 Bxe5 20. dxe5 Nb4 21. Qd2
Rc8 22. Ne2 a5 23. Ned4 Nxd4 24. Nxd4 Rxc5 25. Rfc1 b6 26. Rc3 Qc7 27. Re3 Nc2
28. Nxc2 Rxc2 29. Qxd5 Rd8 30. Qe4 Rc1+ 31. Re1 Rxa1 32. Rxa1 Qc3 33. Rb1 Qxb3
34. g3 Rd1+ 35. Rxd1 Qxd1+ 36. Kg2 Qd7 37. h4 h5 0-1

[Event "EUR-ch U14 w"]
[Site "Batumi GEO"]
[Date "2014.10.22"]
[Round "4"]
[White "Gharibyan, Mane"]
[Black "Bespalova, Jana"]
[Result "1-0"]
[WhiteElo "1617"]
[BlackElo "1505"]
[PlyCount "89"]
[EventDate "2014.10.19"]
[EventType "swiss"]
[EventRounds "9"]
[EventCountry "CAN"]
[Source "Chessbase"]
[SourceDate "2015.02.06"]

1. e4 e5 2. Nf3 Nc6 3. Bb5 a6 4. Ba4 Nf6 5. O-O Be7 6. Re1 b5 7. Bb3 d6 8. c3
Na5 9. Bc2 c5 10. d4 Qc7 11. h3 O-O 12. Nbd2 Re8 13. dxe5 dxe5 14. Nf1 Bf8 15.
Bg5 Nd7 16. a4 Bb7 17. Ne3 Nb6 18. Qe2 Nac4 19. a5 Nd7 20. Nxc4 bxc4 21. Qxc4
Qc6 22. Ba4 Qc8 23. Red1 Bc6 24. Bb3 Re6 25. Qe2 Rg6 26. Bh4 Qb7 27. Bd5 Rb8
28. Bxc6 Qxc6 29. Rxd7 Qxd7 30. Nxe5 Qe6 31. Nxg6 Qxg6 32. Rd1 Re8 33. e5 Qf5
34. Bg3 Re6 35. Qd3 Qh5 36. Qd5 h6 37. Rb1 Qe2 38. Qd1 Qb5 39. b4 Qc4 40. Qb3
Qb5 41. Qd5 Re8 42. c4 Qa4 43. bxc5 Qxa5 44. c6 Bc5 45. Rb7 1-0

[Event "EUR-ch U14 w"]
[Site "Batumi GEO"]
[Date "2014.10.22"]
[Round "4"]
[White "Gorovenko, Darya"]
[Black "Avramidou, Anastasia"]
[Result "0-1"]
[WhiteElo "2033"]
[BlackElo "2120"]
[PlyCount "76"]
[EventDate "2014.10.19"]
[EventType "swiss"]
[EventRounds "9"]
[EventCountry "CAN"]
[Source "Chessbase"]
[SourceDate "2015.02.06"]

1. d4 g6 2. Nf3 Bg7 3. g3 c5 4. dxc5 Nf6 5. Bg2 Qa5+ 6. Nbd2 Qxc5 7. c4 O-O 8.
Rb1 a5 9. Qa4 Qc6 10. Qa3 d6 11. O-O Nbd7 12. b4 Qc7 13. Nd4 Ne5 14. Nb5 Qb6
15. bxa5 Qxa5 16. Qxa5 Rxa5 17. Nc3 Ra7 18. a3 Nfd7 19. Nb5 Ra4 20. Rb4 Nb6 21.
Rxa4 Nxa4 22. f4 Nc6 23. Nb3 Bg4 24. Kf2 Be6 25. Bd5 Nb6 26. Nc7 Bxd5 27. cxd5
Nd4 28. Be3 Nxb3 29. Bxb6 Rc8 30. Ke3 Nc5 31. Nb5 Na4 32. Bd4 Bxd4+ 33. Kxd4
Rc2 34. Kd3 Rc5 35. Rb1 Rxd5+ 36. Kc4 Rd2 37. Nd4 d5+ 38. Kb5 Nc3+ 0-1

[Event "EUR-ch U14 w"]
[Site "Batumi GEO"]
[Date "2014.10.22"]
[Round "4"]
[White "Gredka, Dominika"]
[Black "Vuller, Victoria"]
[Result "0-1"]
[WhiteElo "1419"]
[BlackElo "1271"]
[PlyCount "60"]
[EventDate "2014.10.19"]
[EventType "swiss"]
[EventRounds "9"]
[EventCountry "CAN"]
[Source "Chessbase"]
[SourceDate "2015.02.06"]

1. e4 e5 2. Nf3 Nc6 3. Bb5 a6 4. Ba4 Nf6 5. O-O Be7 6. Re1 b5 7. Bb3 d6 8. h3
Na5 9. c3 Nxb3 10. Qxb3 O-O 11. d4 Be6 12. Qd1 exd4 13. cxd4 h6 14. Nbd2 c5 15.
d5 Bd7 16. Nf1 Nh7 17. Ng3 Ng5 18. Bf4 f5 19. e5 dxe5 20. Nxe5 Bd6 21. Bxg5
hxg5 22. Ng6 Rf6 23. Ne5 Qc7 24. Nxd7 Qxd7 25. Qf3 Raf8 26. Rad1 g4 27. hxg4
fxg4 28. Qe3 Rxf2 29. Ne4 R2f4 30. Nxd6 Qxd6 0-1